Mayor respeto alos derechos laborales internacionales reconocidos y los derivados de las negociaciones comerciales con los Estados Unidos de América /
Đã lưu trong:
| Nhiều tác giả của công ty: | , |
|---|---|
| Định dạng: | Texto |
| Được phát hành: |
SIELCA
|
| Những chủ đề: | |
| Các nhãn: |
Thêm thẻ
Không có thẻ, Là người đầu tiên thẻ bản ghi này!
|
MARC
| LEADER | 00000 a a2200000 04500 | ||
|---|---|---|---|
| 001 | 32715 | ||
| 003 | |||
| 040 | |||
| 090 | |a 203500 | ||
| 110 | |a Secretaria de integración económica Centroamericana | ||
| 245 | |a Mayor respeto alos derechos laborales internacionales reconocidos y los derivados de las negociaciones comerciales con los Estados Unidos de América / |c Secretaria de integración económica Centroamericana | ||
| 260 | |a SIELCA | ||
| 300 | |a p. irreg | ||
| 500 | |a Contiene 5 cd | ||
| 650 | |a DERECHO DEL TRABAJO | ||
| 650 | |a ACUERDOS INTERNACIONALES | ||
| 710 | |a USAID |a PROALCA | ||
| 999 | |c 10667 |d 10667 | ||
